000 00836nam a22002175i 4500
001 159178
003 ES-MaACL
005 20250721193132.0
008 040908s1874 fr |||| | fre d
080 _a343.969
100 1 _aMaudsley, Henry.
_9129735
245 1 3 _aLe crime et la folie /
_cpar H. Maudsley.
260 _aParis :
_bGermer Baillière,
_c1874.
300 _a297 p. ;
_c22 cm.
490 1 _aBibliothèque scientifique internationale ;
_v8
650 4 _aDelincuencia.
_911551
650 7 _aEnfermedades mentales
_2embne
_912263
830 1 _aBibliothèque scientifique internationale ;
_v8
_9186949
852 _aES-MaACL
_jF-14338
_z- Enc. tela grabada con super libris de la serie
_z- Enc. al final de la obra el catálogo ed. de obras históricas y filosóficas correspondiente a 1874
999 _c159178
_d159178